| 000 | 00481aam a2200181 4500 | ||
|---|---|---|---|
| 005 | 20170111143157.0 | ||
| 008 | 150727b xxu||||| |||| 00| 0 spa d | ||
| 041 | _aInglés | ||
| 082 | _a428 N283L | ||
| 100 |
_aNattinger, James R. _936158 |
||
| 100 |
_aDeCarrico, Jeanette S. _936159 |
||
| 245 | _aLexical phrases and language teaching | ||
| 260 |
_aInglaterra _bOxford _c2001 |
||
| 300 | _a218 páginas | ||
| 650 |
_aINGLÉS _92062 |
||
| 650 |
_a ENSEÑANZA _9236 |
||
| 942 | _cBK | ||
| 999 |
_c8718 _d8718 |
||